[Event "Olympiad Women 2024"]
[Site "Budapest HUN"]
[Date "2024.09.12"]
[Round "2.26"]
[Board "3"]
[White "Perez Hernandez, Vicmary C."]
[Black "Amura, Claudia"]
[Result "0-1"]
[WhiteElo "1960"]
[BlackElo "2191"]
[PlyCount "54"]
[EventDate "2024.09.11"]
[WhiteTeam "Venezuela"]
[BlackTeam "Argentina"]
[WhiteTeamCountry "VEN"]
[BlackTeamCountry "ARG"]

1. e4 c5 2. Nf3 e6 3. c3 d5 4. exd5 Qxd5 5. d4 Nf6 6. Be3 cxd4 7. cxd4 Bb4+ 8. Nc3 Qa5 9. Rc1 ({RR} 9. Qc2 b6 10. Ne5 O-O 11. Be2 Ba6 12. Bf3 Nd5 13. Bd2 Rc8 14. Nxd5 Rxc2 15. Bxb4 Qxd5 16. Bxd5 exd5 17. Bd2 f6 18. Nf3 Rxb2 19. Kd1 Bd3 20. Ne1 Rb1+ 21. Rxb1 Bxb1 22. a3 Nc6 23. Bc3 Rc8 {0-1 Szabo,G (2531)-Ding,L (2799) Online Olym Div Top-A rapid 2021 (8.3)}) 9... Qxa2 ({RR} 9... O-O 10. Bd3 Bd7 11. O-O Bc6 12. Ne5 Nbd7 13. Nxc6 bxc6 14. a3 Be7 15. Ne4 Rfc8 16. Qf3 Nd5 17. Rc2 N7f6 18. Rfc1 Qb6 19. h4 Rab8 20. h5 h6 21. Nxf6+ Bxf6 22. Qe4 Kf8 23. b4 a5 24. b5 {½-½ Bortnyk,O (2608)-Sarana,A (2703) Titled Tue 23rd Apr Late 2024 (10)}) 10. Qc2 Nc6 $146 ({RR} 10... Nd5 11. Bb5+ Bd7 12. O-O Bxc3 13. Bxd7+ Nxd7 14. bxc3 Qxc2 15. Rxc2 b5 16. c4 bxc4 17. Rxc4 Ke7 18. Rc7 {0-1 Skawinski,A (2346)-Lazavik,D (2553) Titled Tue 20th Jun Early 2023 (2)}) 11. Bd2 Bxc3 12. Bxc3 Qd5 13. Bd3 b6 14. Bd2 Bb7 15. O-O O-O 16. Be3 Nb4 17. Qd2 Nxd3 18. Qxd3 Rac8 19. Qe2 Qh5 20. Kh1 Bxf3 21. gxf3 Nd5 22. Rg1 Qf5 23. Ra1 Rc2 24. Qd1 Nxe3 25. fxe3 Rfc8 26. Rxa7 h6 27. Qf1 Rc1 0-1

[Event "Olympiad Women 2024"]
[Site "Budapest HUN"]
[Date "2024.09.12"]
[Round "2.26"]
[Board "4"]
[White "Sarquis, Maria Belen"]
[Black "Pena Gonzalez, Clara Isabel"]
[Result "1-0"]
[WhiteElo "2172"]
[BlackElo "1895"]
[PlyCount "91"]
[EventDate "2024.09.11"]
[WhiteTeam "Argentina"]
[BlackTeam "Venezuela"]
[WhiteTeamCountry "ARG"]
[BlackTeamCountry "VEN"]

1. e4 c5 2. Nf3 e6 3. d4 cxd4 4. Nxd4 a6 5. Bd3 Bc5 6. Nb3 Ba7 7. O-O Nc6 8. c4 Nf6 9. Qe2 d6 10. Nc3 O-O ({RR} 10... e5 11. Be3 O-O 12. Rac1 Be6 13. Nd5 Nd7 14. Bxa7 Rxa7 15. Qe3 b6 16. Nd2 Nc5 17. Bb1 a5 18. Nc3 h6 19. Rfd1 Rd7 20. Nb5 Qg5 21. Nf1 Rfd8 22. Rd2 Na7 23. Na3 Nc6 24. Nb5 Na7 25. Nxa7 {0-1 Polgar,J (2682)-Smirin,I (2657) Olympiad-39 Khanty-Mansiysk 2010 (9.2)}) 11. Be3 Nd7 $146 ({RR} 11... Bxe3 12. Qxe3 e5 13. Rfd1 Na5 14. Nxa5 Qxa5 15. Be2 Rd8 16. Rd2 Be6 17. Rad1 Qc7 18. b3 Rd7 19. h3 Rad8 20. Na4 Qc6 21. Nb6 Re7 22. Nd5 Bxd5 23. exd5 Qc7 24. g4 h6 25. Kh1 Kh8 26. Rg1 {1-0 Rodriguez Rivero,J (2141)-Bhillva Nilaya Kondari Eswara (1845) WSCC Speed Play-In 1 2024 (2)}) ({RR} 11... Bxe3 12. Qxe3 Ng4 13. Qg3 Nge5 14. Be2 Ng6 15. Rad1 e5 16. Bg4 Bxg4 17. Qxg4 Rc8 18. c5 Nd4 19. Nxd4 exd4 20. Rxd4 Rxc5 21. Qd1 Rc6 22. Qd2 Ne5 23. Rd1 Nc4 24. Qe2 b5 25. Nd5 Re8 26. Nb4 {1-0 Vasquez Schroeder,R (2475)-Pourkashiyan,A (2272) Titled Tue 18th Jun Late 2024 (6)}) 12. Rfd1 Qc7 13. Rac1 Nce5 14. Bxa7 Rxa7 15. Qe3 Ra8 16. Qd4 Nxd3 17. Rxd3 Ne5 18. Rg3 Ng6 19. Na4 e5 20. Qb6 Qe7 21. Rd1 Nf4 22. Nc3 Be6 23. Na5 Rac8 24. b3 Rc7 25. Rxd6 h5 26. Re3 Qg5 27. Rg3 Qe7 28. Re3 Qg5 29. Rg3 Qe7 30. Re3 Qg5 31. g3 Nh3+ 32. Kf1 Qf6 33. Red3 h4 34. Nd5 Qg5 35. Nxc7 Bg4 36. Qe3 Qh5 37. Rd8 Rxd8 38. Rxd8+ Kh7 39. Ke1 Ng1 40. Kd2 Nf3+ 41. Kc3 hxg3 42. hxg3 Qh1 43. Kb2 Nd4 44. Rxd4 exd4 45. Qxd4 Qe1 46. Nxb7 1-0

[Event "Olympiad Women 2024"]
[Site "Budapest HUN"]
[Date "2024.09.12"]
[Round "2.27"]
[Board "1"]
[White "Ouellet, Maili-Jade"]
[Black "Gomez Barrera, Javiera Belen"]
[Result "1-0"]
[WhiteElo "2318"]
[BlackElo "2123"]
[PlyCount "75"]
[EventDate "2024.09.11"]
[WhiteTeam "Canada"]
[BlackTeam "Chile"]
[WhiteTeamCountry "CAN"]
[BlackTeamCountry "CHI"]

1. d4 d5 2. c4 e6 3. Nc3 Nf6 4. Nf3 Bb4 5. e3 O-O 6. Bd2 Be7 7. cxd5 exd5 8. Bd3 c6 9. O-O Nbd7 10. Qc2 h6 11. Rab1 Bd6 12. b4 Re8 13. Rfe1 $146 ({RR} 13. Ne2 Ne4 14. Ng3 Nxg3 15. hxg3 a6 16. a4 Nf6 17. b5 cxb5 18. axb5 a5 19. b6 Bd7 20. Bb5 a4 21. Ne5 Bxb5 22. Rxb5 Qe7 23. Ra1 Rec8 24. Qa2 Bxe5 25. dxe5 Qxe5 26. Rb4 a3 27. Rd4 Rc4 {0-1 Heberla,B (2572)-Sadzikowski,D (2507) POL-ch Warsaw 2020 (3.3)}) 13... Nf8 14. h3 Ne6 15. Ne5 Ng5 16. f4 Nge4 17. b5 Nxd2 18. Qxd2 c5 19. Rbc1 c4 20. Bb1 Ba3 21. Rcd1 Bb4 22. a3 Bxa3 23. Na2 a6 24. bxa6 Rxa6 25. e4 Nxe4 26. Bxe4 dxe4 27. Nxc4 Bf8 28. d5 Bc5+ 29. Kh1 b5 30. Ne5 Qa5 31. Nc3 e3 32. Qc2 b4 33. Ne4 Bb6 34. Nd6 Rf8 35. Nxc8 b3 36. Ne7+ Kh8 37. Qxb3 Qc5 38. d6 1-0

[Event "Olympiad Women 2024"]
[Site "Budapest HUN"]
[Date "2024.09.12"]
[Round "2.27"]
[Board "2"]
[White "Abarca Gonzalez, Damaris"]
[Black "Pham, Bich Ngoc"]
[Result "1/2-1/2"]
[WhiteElo "1991"]
[BlackElo "2199"]
[PlyCount "85"]
[EventDate "2024.09.11"]
[WhiteTeam "Chile"]
[BlackTeam "Canada"]
[WhiteTeamCountry "CHI"]
[BlackTeamCountry "CAN"]

1. e4 c5 2. Nc3 d6 3. g3 Nc6 4. Bg2 g6 5. d3 Bg7 6. Be3 e5 7. Qd2 Nge7 8. Bh6 Bxh6 9. Qxh6 Nd4 10. Qd2 h5 ({RR} 10... Qa5 11. Nge2 Bg4 12. Nxd4 cxd4 13. Nd5 Qxd2+ 14. Kxd2 Nxd5 15. exd5 Bd7 16. a4 a5 17. c3 dxc3+ 18. bxc3 Kd8 19. Rhe1 Kc7 20. h4 f6 21. Re4 b6 22. Bf3 Raf8 23. Ree1 g5 24. Re4 Kb7 25. Rc4 {0-1 Stripunsky,A (2546)-Najer,E (2585) New York Masters 20th rapid 2002 (3)}) 11. h4 ({RR} 11. Nd5 Nxd5 12. exd5 Bd7 13. O-O-O Qf6 14. f4 exf4 15. Re1+ Kd8 16. gxf4 Kc7 17. c3 Nf5 18. Bh3 Rae8 19. Nf3 Re3 20. Bxf5 Rxf3 21. Bxd7 Kxd7 22. Re4 Qh4 23. Rhe1 Rf2 24. Qe3 Kc7 25. h3 f5 {1-0 Palacz,K (2063)-Redzisz,M (2251) TCh-POL 1st League 2024 (2.35)}) 11... Bg4 12. Nd1 $146 ({RR} 12. Nce2 Qd7 13. c3 Nxe2 14. Nxe2 d5 15. f3 Be6 16. O-O dxe4 17. fxe4 O-O-O 18. Qe3 Qxd3 19. Qxc5+ Nc6 20. Rfe1 Kc7 21. b4 Qc4 22. Qf2 Rd2 23. a4 b6 24. b5 Na5 25. Qf6 Qc5+ 26. Kh2 Rhd8 {0-1 Letay,G (2189)-Csiszar,C (2364) HUN-chT 0102 2001 (2)}) 12... d5 13. c3 Ndc6 14. Ne3 Be6 15. Nf3 f6 16. exd5 Nxd5 17. O-O Qd7 18. Nxd5 Bxd5 19. Qe3 Qe7 20. a3 O-O 21. b4 b6 22. b5 Na5 23. c4 Bb7 24. Rab1 Rad8 25. Ne1 Rfe8 26. Bxb7 Qxb7 27. Qh6 Qg7 28. Qxg7+ Kxg7 29. f3 f5 30. Rb2 Rd4 31. Re2 Kf6 32. Kg2 Re6 33. Rb2 Ke7 34. Rbf2 Kd6 35. Kh3 Nb3 36. Rc2 Kc7 37. Rc3 Na5 38. Nc2 Rd7 39. Ne3 Rd4 40. Nc2 Rd7 41. Ne3 Rd4 42. Nd5+ Kd6 43. Re1 1/2-1/2

[Event "Olympiad Women 2024"]
[Site "Budapest HUN"]
[Date "2024.09.12"]
[Round "2.27"]
[Board "3"]
[White "Demchenko, Svitlana"]
[Black "Jorquera Cabello, Valentina"]
[Result "0-1"]
[WhiteElo "2167"]
[BlackElo "1919"]
[PlyCount "140"]
[EventDate "2024.09.11"]
[WhiteTeam "Canada"]
[BlackTeam "Chile"]
[WhiteTeamCountry "CAN"]
[BlackTeamCountry "CHI"]

1. d4 Nf6 2. c4 g6 3. Nc3 Bg7 4. e4 d6 5. h3 O-O 6. Be3 e5 7. d5 a5 8. Nge2 Na6 9. g4 Nc5 10. f3 ({RR} 10. Ng3 Bd7 11. Be2 c6 12. g5 Ne8 13. h4 Nc7 14. h5 cxd5 15. cxd5 a4 16. Bg4 Bb5 17. Bxc5 dxc5 18. d6 Bc4 19. dxc7 Qxg5 20. c8=Q Raxc8 21. Bxc8 Rxc8 22. hxg6 hxg6 23. Qd2 Qg4 24. Rd1 Bf6 {1-0 Andreikin,D (2728)-Kovalev,V (2634) Titled Tuesday intern op 05th Oct blitz 2021 (7)}) 10... Bd7 11. Qd2 Ne8 $146 ({RR} 11... Qe7 12. Ng3 Ne8 13. O-O-O a4 14. h4 a3 15. b3 f5 16. gxf5 gxf5 17. exf5 Bxf5 18. Nce4 Bd7 19. Bg5 Nf6 20. Be2 Nfxe4 21. fxe4 Bf6 22. Bh6 Bg7 23. Rdg1 Bxh6 24. Qxh6 Kh8 25. Qe3 Rf4 26. Nh5 {0-1 Maj,P (2137)-Lapaj,M (2207) POL-chT 2nd League 2019 (2.20)}) ({RR} 11... c6 12. Ng3 a4 13. h4 cxd5 14. cxd5 Qa5 15. h5 Rac8 16. h6 Bh8 17. Nf5 Bxf5 18. gxf5 a3 19. b4 Qxb4 20. Rb1 Qa5 21. Nb5 Qd8 22. fxg6 fxg6 23. Bh3 Nfxe4 24. fxe4 Qh4+ 25. Ke2 Qxe4 26. Rbf1 {0-1 Kulon,K (2379)-Nisipeanu,L (2583) 35th Czech Rapid G1 2024 (8.2)}) 12. h4 f5 13. gxf5 gxf5 14. Bg5 Qc8 15. h5 Kh8 16. O-O-O f4 17. Bh4 a4 18. Kb1 Bf6 19. Bf2 b6 20. Ng1 Qa6 21. Nb5 Qa5 22. Qxa5 Rxa5 23. Be1 Ra8 24. Bh3 Bxb5 25. cxb5 Bd8 26. Bf5 Ng7 27. Bg4 Ne8 28. Ne2 Nf6 29. Bf5 Nfd7 30. Bc3 Bg5 31. Rdg1 h6 32. Rg2 Rxf5 33. exf5 Nf6 34. Rd1 Kh7 35. Rh2 Rf8 36. Bb4 Nfd7 37. Nc3 Rxf5 38. Bxc5 Nxc5 39. Ne4 Nxe4 40. fxe4 Rf7 41. Rf1 Rg7 42. Rh3 Kg8 43. Ra3 Kf7 44. Rxa4 Bh4 45. Rc4 Kf6 46. Rc3 Bg3 47. a4 Kg5 48. b4 Kxh5 49. a5 Kg4 50. a6 h5 51. a7 Rg8 52. Rxc7 Ra8 53. Kc2 Kh3 54. Ra1 f3 55. Kd3 Kg2 56. Rb7 f2 57. Ke2 h4 58. Rxb6 Rxa7 59. Rba6 Rb7 60. Rxd6 Rxb5 61. Rf6 Rxb4 62. Ke3 Rb3+ 63. Ke2 Rb4 64. Ke3 Bf4+ 65. Rxf4 exf4+ 66. Kd3 f1=Q+ 67. Rxf1 Kxf1 68. d6 h3 69. d7 Rb8 70. e5 h2 0-1

[Event "Olympiad Women 2024"]
[Site "Budapest HUN"]
[Date "2024.09.12"]
[Round "2.27"]
[Board "4"]
[White "Morales Flores, Monserrat"]
[Black "Golubeva, Oksana"]
[Result "0-1"]
[WhiteElo "1938"]
[BlackElo "2119"]
[PlyCount "66"]
[EventDate "2024.09.11"]
[WhiteTeam "Chile"]
[BlackTeam "Canada"]
[WhiteTeamCountry "CHI"]
[BlackTeamCountry "CAN"]

1. e4 e6 2. d4 d5 3. Nd2 c5 4. Ngf3 cxd4 5. Nxd4 Nf6 6. e5 Nfd7 7. N2f3 Nc6 8. Nxc6 bxc6 9. c3 ({RR} 9. Bd3 Ba6 10. O-O Bxd3 11. cxd3 Be7 12. Re1 O-O 13. h4 h6 14. h5 a5 15. Nh2 Bg5 16. Qg4 Bxc1 17. Raxc1 Qb8 18. f4 Qxb2 19. Nf3 a4 20. f5 exf5 21. Qxf5 Rfd8 22. Rxc6 Nf8 23. d4 Ne6 {0-1 Fernandez Guillen,E (2462)-Aravindh,C (2646) Sunway Sitges Open TB 2023 (2.2)}) ({RR} 9. Bd3 f6 10. O-O fxe5 11. Ng5 Nf6 12. Bxh7 Nxh7 13. Qh5+ Kd7 14. Nxh7 Be7 15. Qg6 Qg8 16. Ng5 Rh6 17. Qd3 e4 18. Nxe4 Qh7 19. Bxh6 Qxh6 20. Rad1 a5 21. Rfe1 Ba6 22. Qc3 Rh8 23. h3 Bb4 {1-0 Fernandez Guillen,E (2465)-Ljukin,S (2362) Titled Tue 9th Jan Early 2024 (2)}) 9... a5 $146 ({RR} 9... Qb6 10. Be2 Ba6 11. O-O Be7 12. b3 Nc5 13. b4 Ne4 14. Bxa6 Qxa6 15. Qc2 Qc4 16. Bd2 Bxb4 17. Qa4 Bxc3 18. Qxc4 dxc4 19. Bxc3 Nxc3 20. Rfe1 Rd8 21. Rac1 Rd3 22. Rc2 Ke7 23. Kf1 Rhd8 24. Ng5 {0-1 Moreda Rodriguez,M (2034)-Pino Perez,L Havana Province zt 2010 (6)}) ({RR} 9... Qc7 10. Bf4 Qb6 11. Qd2 Ba6 12. Bxa6 Qxa6 13. Qe2 Qxe2+ 14. Kxe2 a5 15. b3 Be7 16. Nd4 O-O-O 17. Nxc6 Rde8 18. Nxa5 Kc7 19. b4 Ra8 20. a4 Rhb8 21. Nb3 Nb6 22. a5 Nc4 23. Nd4 Kd7 24. Bg3 {1-0 Fernandez Guillen,E (2462)-Lenderman,A (2570) Titled Tue 27th Dec Late 2022 (8)}) 10. Be2 Ba6 11. O-O Be7 12. Bxa6 Rxa6 13. Qe2 Rb6 14. c4 Qb8 15. cxd5 cxd5 16. b3 O-O 17. Bd2 Bb4 18. Be3 Rb7 19. Bd4 Ba3 20. Rad1 Rc8 21. Rd3 Rbc7 22. Ng5 h6 23. Nh3 Rc1 24. Rdd1 R1c2 25. Qe3 Rxa2 26. Nf4 Rac2 27. Qg3 Nf8 28. Nh5 Ng6 29. f4 Rc1 30. Rxc1 Rxc1 31. Be3 Rxf1+ 32. Kxf1 Qxb3 33. h4 Qd1+ 0-1

[Event "Olympiad Women 2024"]
[Site "Budapest HUN"]
[Date "2024.09.12"]
[Round "2.28"]
[Board "1"]
[White "Lindiawati, Evi"]
[Black "Unuk, Laura"]
[Result "1/2-1/2"]
[WhiteElo "1940"]
[BlackElo "2316"]
[PlyCount "98"]
[EventDate "2024.09.11"]
[WhiteTeam "Indonesia"]
[BlackTeam "Slovenia"]
[WhiteTeamCountry "INA"]
[BlackTeamCountry "SLO"]

1. e4 e5 2. Nf3 Nc6 3. Bb5 a6 4. Bxc6 dxc6 5. d4 exd4 6. Qxd4 Qxd4 7. Nxd4 c5 8. Ne2 Bd7 9. Nbc3 O-O-O 10. Be3 Bd6 ({RR} 10... Bc6 11. f3 b6 12. Kf2 Bd6 13. Rad1 Ne7 14. Bf4 Ng6 15. Bxd6 Rxd6 16. Rxd6 cxd6 17. Rd1 Rd8 18. Nd5 Bxd5 19. Rxd5 Kc7 20. f4 Ne7 21. Rd3 d5 22. exd5 Rxd5 23. Rxd5 Nxd5 24. a3 b5 25. g3 {0-1 Garrido Dominguez,J (2401)-Kovalev,V (2560) Titled Tue 26th Mar Late 2024 (1)}) 11. O-O-O f5 $146 ({RR} 11... Ne7 12. f4 f6 13. h3 Rhe8 14. e5 Nf5 15. exd6 Nxe3 16. dxc7 Kxc7 17. Rd2 Bc6 18. Rg1 Rxd2 19. Kxd2 Nxg2 20. b3 Re7 21. a4 b6 22. Nd1 Nh4 23. Rf1 Bg2 24. Rf2 Bxh3 25. Ne3 Rd7+ 26. Ke1 {0-1 Dunlop,G (1859)-Caoili,A (2153) Sydney op Parramatta 2007 (8)}) ({RR} 11... Ne7 12. Bf4 Bc6 13. e5 Bxe5 14. Bxe5 f6 15. Bf4 g5 16. Be3 Bxg2 17. Rxd8+ Rxd8 18. Rg1 Bf3 19. Bxc5 Nf5 20. Ng3 {1-0 Chadaev,N (2370)-Kozlov,K (2236) RUS-ch U16 Dagomys 2004}) 12. exf5 Bxf5 13. Ng3 Bg6 14. Nge4 Nf6 15. Nxd6+ Rxd6 16. Bxc5 Rc6 17. Bd4 b5 18. Bxf6 Rxf6 19. f3 Re8 20. Rhe1 Rfe6 21. Rxe6 Rxe6 22. b3 c6 23. Rd2 Re1+ 24. Kb2 a5 25. Re2 Rg1 26. a4 b4 27. Ne4 Bxe4 28. fxe4 Kd7 29. c3 c5 30. Kc2 Kd6 31. Kd3 Rc1 32. cxb4 cxb4 33. Rc2 Rb1 34. Kc4 Ke5 35. Re2 h5 36. g3 g5 37. Kb5 Rxb3 38. Kxa5 Rb1 39. Kb5 b3 40. Kc4 h4 41. gxh4 gxh4 42. Kc3 h3 43. Re3 b2 44. Rxh3 Ra1 45. Kxb2 Rxa4 46. Rh5+ Ke6 47. Kc3 Rxe4 48. Kd3 Re5 49. Rxe5+ Kxe5 1/2-1/2

[Event "Olympiad Women 2024"]
[Site "Budapest HUN"]
[Date "2024.09.12"]
[Round "2.28"]
[Board "2"]
[White "Urh, Zala"]
[Black "Nugroho, Angel Ruth"]
[Result "1-0"]
[WhiteElo "2251"]
[BlackElo "1939"]
[PlyCount "151"]
[EventDate "2024.09.11"]
[WhiteTeam "Slovenia"]
[BlackTeam "Indonesia"]
[WhiteTeamCountry "SLO"]
[BlackTeamCountry "INA"]

1. d4 d5 2. c4 e6 3. Nf3 Nf6 4. g3 Be7 5. Bg2 O-O 6. O-O dxc4 7. Qc2 a6 8. a4 Bd7 9. Qxc4 Bc6 10. Bg5 Bd5 11. Qc2 Be4 12. Qd1 h6 13. Bxf6 Bxf6 14. Nc3 Bxf3 15. Bxf3 c6 16. Qb3 Qc7 17. Rfd1 Rd8 18. Ne4 Nd7 $146 ({RR} 18... Be7 19. a5 Nd7 20. e3 Nf6 21. Nd2 Rab8 22. Nc4 h5 23. h4 g6 24. Rac1 Kg7 25. Kg2 Bf8 26. e4 Qe7 27. Rc3 Rd7 28. Ne5 Rdd8 29. Rcd3 Qb4 30. Qa2 Qe7 31. Nc4 Qb4 32. b3 Qb5 33. Qa1 {½-½ Ftacnik,L (2533)-Borriss,M (2439) Bundesliga 0405 2004 (15.3)}) ({RR} 18... Be7 19. a5 Nd7 20. e3 Rab8 21. Rdc1 Nf6 22. Nc3 Qd6 23. Rd1 c5 24. Na4 cxd4 25. Rxd4 Qe5 26. Rxd8+ Bxd8 27. Nb6 Qf5 28. Kg2 Ne4 29. Qb4 Ng5 30. Bg4 Qe4+ 31. Qxe4 Nxe4 32. Rd1 Be7 33. Bf3 {½-½ Urh,Z (2287)-Mihaljevic,E (1946) 24th Mediterranean Flower 2024 (4.4)}) ({RR} 18... Be7 19. a5 Nd7 20. Nd2 Rab8 21. Nc4 g6 22. Rac1 Bf8 23. Kg2 Nf6 24. e4 Qe7 25. Rd3 Ne8 26. h4 h5 27. e5 Nc7 28. Rcd1 Nb5 29. Qc2 Bh6 30. Be4 Kg7 31. Qb3 Rh8 32. Nb6 Rbd8 33. Qc4 {½-½ Haria,R (2497)-Sahidi,S (2432) EU-chT 23rd Terme Catez 2021 (5.4)}) 19. a5 Rab8 20. h4 Be7 21. h5 Nf6 22. Nxf6+ Bxf6 23. e3 Rd7 24. Be4 Qd6 25. f4 Be7 26. Rdc1 Qb4 27. Qxb4 Bxb4 28. Rc4 Bd6 29. Kf2 f6 30. Kf3 e5 31. d5 c5 32. Bf5 Rc7 33. Be6+ Kf8 34. Ke4 Ke7 35. Kf5 Rf8 36. Ra3 Rb8 37. Rb3 b5 38. axb6 Rcb7 39. Ra4 Rxb6 40. Rba3 Ra8 41. Ra2 Kd8 42. Kg6 Bf8 43. fxe5 fxe5 44. Re4 Ra7 45. Rxe5 Be7 46. Rf5 Bf6 47. Rf2 Ke7 48. e4 Kd6 49. Rxf6 gxf6 50. Kxf6 c4 51. e5+ Kc5 52. d6 a5 53. Ra4 Rb4 54. Rxb4 axb4 55. d7 Ra8 56. Ke7 Kd4 57. Bxc4 Kxc4 58. d8=Q Rxd8 59. Kxd8 Kd5 60. Kd7 Kxe5 61. Kc6 Kf5 62. Kb5 b3 63. Kc4 Kg4 64. Kxb3 Kxh5 65. Kc3 Kg4 66. b4 h5 67. b5 Kxg3 68. b6 h4 69. b7 h3 70. b8=Q+ Kg2 71. Qb2+ Kg1 72. Qc1+ Kg2 73. Qd2+ Kg1 74. Qd1+ Kg2 75. Qg4+ Kh2 76. Kd3 1-0

[Event "Olympiad Women 2024"]
[Site "Budapest HUN"]
[Date "2024.09.12"]
[Round "2.28"]
[Board "3"]
[White "Yuliana, Evi"]
[Black "Vidic, Teja"]
[Result "1/2-1/2"]
[WhiteElo "1912"]
[BlackElo "2128"]
[PlyCount "90"]
[EventDate "2024.09.11"]
[WhiteTeam "Indonesia"]
[BlackTeam "Slovenia"]
[WhiteTeamCountry "INA"]
[BlackTeamCountry "SLO"]

1. d4 d5 2. c4 e6 3. Nf3 a6 4. Nc3 dxc4 5. a4 Nc6 6. e3 ({RR} 6. Bg5 Be7 7. Bxe7 Qxe7 8. e3 Na5 9. Ne5 Nf6 10. Nxc4 Nxc4 11. Bxc4 O-O 12. O-O c5 13. a5 cxd4 14. Qxd4 Bd7 15. Rfd1 Bc6 16. Qd6 Qxd6 17. Rxd6 Rfd8 18. Rad1 Rxd6 19. Rxd6 Kf8 20. f3 Ke7 {0-1 Mamedyarov,S (2770)-Grandelius,N (2663) Titled Arena 2nd Jan blitz 2021}) 6... Nf6 $146 ({RR} 6... Na5 7. Ne5 Nf6 8. Nxc4 c5 9. Nxa5 Qxa5 10. Be2 cxd4 11. Qxd4 e5 12. Qd3 Bb4 13. O-O O-O 14. e4 Rd8 15. Qc2 Be6 16. Bg5 Rac8 17. Bxf6 gxf6 18. Rfc1 Rd4 19. Rd1 Bxc3 20. bxc3 Rxc3 21. Qb2 {0-1 Chen,F-Nie,X (2322) CHN-chB Jiangmen 2018 (1)}) ({RR} 6... Na5 7. Ne5 c5 8. Nxc4 Nf6 9. Be2 cxd4 10. exd4 Nxc4 11. Bxc4 Be7 12. O-O O-O 13. Bf4 Bd7 14. h3 Rc8 15. Bb3 Bc6 16. Rc1 Nd5 17. Bg3 Bd7 18. Nxd5 exd5 19. Rxc8 Bxc8 20. Qf3 Be6 21. Rc1 {0-1 Tokat,N (1892)-Slade,T (2063) Abu Dhabi Masters Online 2024 (3)}) ({RR} 6... Na5 7. Bd2 c5 8. Be2 Nf6 9. O-O cxd4 10. exd4 Be7 11. Bg5 O-O 12. Bxf6 Bxf6 13. Ne4 b6 14. Nxf6+ Qxf6 15. Ne5 Rd8 16. Bf3 Ra7 17. Ra3 Rc7 18. Re3 Nb3 19. d5 exd5 20. Rfe1 h6 21. Nxc4 {1-0 Smirnov,A (2597)-Kobalia,M (2614) RUS-AUS U16 Online Battle 01 blitz 2020}) 7. Bxc4 Bb4 8. O-O O-O 9. Qe2 Qe7 10. Rd1 e5 11. Nd5 Nxd5 12. Bxd5 e4 13. Nd2 Bf5 14. Bxc6 bxc6 15. Nc4 Qg5 16. Ne5 Bd6 17. f4 exf3 18. Qxf3 Bxe5 19. dxe5 Qg6 20. Rd4 Rad8 21. Bd2 c5 22. Rxd8 Rxd8 23. Ba5 Be4 24. Qf2 Rd7 25. Bc3 h5 26. h3 Rd3 27. Re1 h4 28. Kh2 Bc6 29. a5 Qe4 30. Re2 Rd1 31. Rd2 Rxd2 32. Qxd2 Bd5 33. Qf2 g5 34. Qe2 Kf8 35. Kg1 Ke7 36. Kh2 Bc6 37. Qf2 Ke8 38. Qe2 Kd8 39. Kg1 Bd5 40. Kh2 Bc6 41. Kg1 Bd7 42. Kf2 Bc6 43. Kg1 Bd5 44. Kh2 Bc6 45. Kg1 Bd5 1/2-1/2

[Event "Olympiad Women 2024"]
[Site "Budapest HUN"]
[Date "2024.09.12"]
[Round "2.28"]
[Board "4"]
[White "Mihelic, Vesna"]
[Black "Adeline, Clementia"]
[Result "1/2-1/2"]
[WhiteElo "2069"]
[BlackElo "1550"]
[PlyCount "80"]
[EventDate "2024.09.11"]
[WhiteTeam "Slovenia"]
[BlackTeam "Indonesia"]
[WhiteTeamCountry "SLO"]
[BlackTeamCountry "INA"]

1. e4 c5 2. Nf3 d6 3. Bb5+ Bd7 4. Bxd7+ Qxd7 5. c4 Nc6 6. Nc3 g6 ({RR} 6... Nd4 7. Nxd4 cxd4 8. Ne2 e5 9. d3 Ne7 10. O-O f5 11. exf5 Nxf5 12. Ng3 Nxg3 13. fxg3 Be7 14. Qh5+ g6 15. Qe2 O-O-O 16. Bh6 Qe6 17. Bd2 Rhf8 18. b3 h5 19. h3 Rf5 20. g4 Rxf1+ 21. Rxf1 {1-0 Predojevic,B (2601)-Paravyan,D (2653) PNWCC Online blitz JP 11th 2020 (3)}) 7. b3 ({RR} 7. d4 cxd4 8. Nxd4 h5 9. Be3 Bh6 10. Bxh6 Nxh6 11. Nxc6 bxc6 12. Qd4 O-O 13. O-O Qb7 14. b3 Qb6 15. Qd2 Kg7 16. Kh1 f5 17. Qg5 Rf7 18. Rae1 Qd4 19. exf5 Nxf5 20. Re6 Rf6 21. Ne2 Qd3 {0-1 Gevorgyan,A (1929)-George,M (1999) British Rapidplay 2024 (11.31)}) 7... Bg7 8. Bb2 e6 $146 ({RR} 8... Nf6 9. O-O O-O 10. d4 cxd4 11. Nxd4 Rac8 12. f4 Ng4 13. Nc2 f5 14. e5 Rcd8 15. h3 Nh6 16. Qd5+ Kh8 17. e6 Qc7 18. Kh1 a6 19. Na4 Ng8 20. Bxg7+ Kxg7 21. Nc3 Nf6 22. Qd3 Qa5 23. Rad1 {0-1 Erdene,G-Nourouzi,O Asia-ch U10 Rasht 1998 (3)}) ({RR} 8... Nf6 9. O-O O-O 10. Re1 Nh5 11. d3 Nf4 12. h3 a6 13. Rb1 Rab8 14. Nd5 Bxb2 15. Rxb2 Ne6 16. Nc3 Ned4 17. Nxd4 Nxd4 18. Ne2 Nxe2+ 19. Rbxe2 e6 20. d4 Qe7 21. Rd2 Rfd8 22. Qe2 Qf6 23. Red1 {0-1 Centeno,A-Diaz,C (1888) Resistencia Tossutti Memorial 1st 2016 (2)}) 9. O-O Nge7 10. d3 O-O 11. Qd2 d5 12. exd5 exd5 13. Rad1 b6 14. Rfe1 Rad8 15. Qf4 Qf5 16. Qxf5 Nxf5 17. g4 Nfd4 18. Nxd4 Nxd4 19. Kg2 Ne6 20. Kg3 dxc4 21. dxc4 Rxd1 22. Nxd1 Bxb2 23. Nxb2 Rd8 24. Rd1 Rxd1 25. Nxd1 Nd4 26. Kf4 f6 27. Nc3 Kf7 28. h4 h6 29. h5 gxh5 30. gxh5 Ke6 31. Nd5 Kf7 32. Ke4 Ke6 33. Nf4+ Kd6 34. Nd5 Ke6 35. Nf4+ Kd6 36. Nd5 Ke6 37. Nc7+ Kd7 38. Nd5 Ke6 39. Nf4+ Kd6 40. Nd5 Ke6 1/2-1/2

[Event "Olympiad Women 2024"]
[Site "Budapest HUN"]
[Date "2024.09.12"]
[Round "2.29"]
[Board "1"]
[White "Linares Napoles, Oleiny"]
[Black "Tan, Li Ting"]
[Result "1/2-1/2"]
[WhiteElo "2201"]
[BlackElo "2037"]
[PlyCount "70"]
[EventDate "2024.09.11"]
[WhiteTeam "Cuba"]
[BlackTeam "Malaysia"]
[WhiteTeamCountry "CUB"]
[BlackTeamCountry "MAS"]

1. Nf3 d5 2. b3 c5 3. e3 a6 4. c4 d4 5. exd4 cxd4 6. d3 ({RR} 6. g3 Nc6 7. Bg2 e5 8. O-O Bd6 9. Re1 Nge7 10. d3 O-O 11. Nbd2 Bc7 12. Ba3 Re8 13. Ne4 Bg4 14. h3 Bh5 15. g4 Bg6 16. Nh4 Ba5 17. Re2 Bb4 18. Qc1 Rc8 19. Bxb4 Nxb4 20. Qd2 Nbc6 {1-0 Moussard,J (2610)-Droin,A (2480) Titled Tue 18th Jun Late 2024 (2)}) 6... Nc6 7. g3 e5 8. Bg2 $146 ({RR} 8. a3 Bd6 9. Bg2 h6 10. O-O Nf6 11. Re1 O-O 12. b4 Re8 13. Ra2 Re7 14. Rae2 Qe8 15. Bb2 Bf5 16. Nh4 Bg4 17. Nf3 Qd7 18. Nbd2 Rae8 19. c5 Bc7 20. Qb3 Be6 21. Nc4 Bd5 22. Nfd2 Bxg2 {0-1 Andreasson,I (2331)-Hammes,M (2345) EU-Cup 36th Struga 2021 (4.2)}) 8... Nf6 9. O-O Be7 10. Re1 Nd7 11. Ba3 O-O 12. Bxe7 Qxe7 13. a3 a5 14. Nbd2 Nc5 15. Ne4 Na6 16. Qe2 Bd7 17. Rac1 f5 18. Ned2 Rae8 19. h4 h6 20. Ra1 g6 21. Qd1 Qf6 22. Qb1 Kg7 23. Ra2 Qd6 24. Ra1 Re7 25. Nh2 Rfe8 26. h5 gxh5 27. Nhf3 Rf8 28. Nh4 Qf6 29. Ra2 Qg5 30. Ndf3 Qf6 31. Rae2 Rfe8 32. Nd2 Qg5 33. Ndf3 Qf6 34. Nd2 Qg5 35. Ndf3 Qf6 1/2-1/2